Normal view MARC view
  • Tijuana, Baja California

Entry Nombre Geográfico

Number of records used in: 1

001 - NÚMERO DE CONTROL

  • campo de control: 45142

003 - IDENTIFICADOR DE NUMERO DE CONTROL

  • campo de control: UPN

005 - FECHA Y HORA DE LA ÜLTIMA TRANSACCIÓN

  • campo de control: 20221129102609.0

008 - DATOS DE LONGITUD FIJA

  • campo de control de longitud fija: 220629|| aca||aabn | a|a d

040 ## - FUENTE DE CATALOGACIÓN

  • Agencia de catalogación original: UPN

151 ## - ENCABEZAMIENTO - NOMBRE GEOGRÁFICO

  • Nombre geográfico: Tijuana, Baja California
  • Subdivisión general : Emigración e inmigración
  • Subdivisión general : Aspectos sociales